Novela y nación en el siglo XX chileno: ficción literaria e identidad
I tiakina i:
| Kaituhi matua: | |
|---|---|
| Hōputu: | Pukapuka |
| Reo: | Pāniora |
| I whakaputaina: |
Santiago
Ediciones Universidad Alberto Hurtado
2009
|
| Putanga: | 1a. ed |
| Rangatū: | Colección Estudios de Literatura
|
| Ngā marau: | |
| Ngā Tūtohu: |
Tāpirihia he Tūtohu
Kāore He Tūtohu, Me noho koe te mea tuatahi ki te tūtohu i tēnei pūkete!
|
MARC
| LEADER | 00000cam a2200000 a 4500 | ||
|---|---|---|---|
| 001 | UCD9039 | ||
| 003 | CL-VaPUC | ||
| 008 | 170602e20090000cl |||||||||||||||||spa|d | ||
| 020 | |a 9789568421335 | ||
| 082 | 0 | 4 | |a Ch863.09 |b ALV |2 21 |
| 100 | 0 | |a Alvarez, Ignacio |e author |9 592716 | |
| 245 | 1 | 0 | |a Novela y nación en el siglo XX chileno: ficción literaria e identidad |
| 250 | |a 1a. ed | ||
| 300 | |a 296 p | ||
| 942 | |c BK | ||
| 945 | |d 20170602 23:29:00 |a dcastane | ||
| 260 | |a Santiago |b Ediciones Universidad Alberto Hurtado |c 2009 | ||
| 650 | 0 | |a Narrativa chilena |9 342463 | |
| 650 | 0 | |a Literatura chilena |9 308278 | |
| 583 | |a last modification |c 20170602 23:29:00 |k Rodrigo Vera | ||
| 490 | 0 | |a Colección Estudios de Literatura | |
| 999 | |c 368342 |d 368340 | ||
| 952 | |0 0 |1 0 |3 erb |4 0 |6 CH_863_090000000000000_ALV_2009 |7 0 |8 A |9 483626 |a BIBEDU |b BIBEDU |i 5393523 |o Ch863.09 ALV 2009 |p 5393523 |r 2019-11-24 |w 2019-11-24 |y BK |z Catalogado en:20170602 |k LIT | ||
| 952 | |0 0 |1 0 |3 erb |4 0 |6 CH_863_090000000000000_ALV_2009 |7 0 |8 A |9 483627 |a BIBEDU |b BIBEDU |i 5393531 |o Ch863.09 ALV 2009 |p 5393531 |r 2019-11-24 |w 2019-11-24 |y BK |z Catalogado en:20170602 |k LIT | ||